01632nam a2200385 a 4500001001000000003000500010005001700015008004100032010001100073011001100084040000900095090001000104100003400114245013900148260004100287500006000328502010000388590004100488590004000529590004000569590004000609590004000649650004100689650003300730650003000763650003300793650003200826856007000858901000700928942001000935942000600945999001900951952014000970952013601110000111238CHAP20220329144203.0150121s2014 mx a fsm |||||||spa d a107700 a108672 cCHAP aTesis1 aHuerta Ortega, Freddy912907210aEvaluación nutrimental del suelo y limón mexicano con manejo convencional y silvopastorilh[En línea]cpor Freddy Huerta Ortega. aChapingo, Méx. :bEl autor,c2014. aPara ver el contenido del material haga clic en la liga aTesis (M. C. en Agroforestería para el Desarrollo Sostenible) -- UACH. Departamento de Suelos aE11695DGDb10c20150123lUCH01h1157 aE5995AHEb05c20150121lUCH01h1359 aE5995AHEb05c20150121lUCH01h1400 aE5995AHEb05c20150121lUCH01h1401 aE5995AHEb10c20150121lUCH01h140114aLimónxElementos minerales.96682314aLimónxRendimiento.96684814aLimónzMéxico.96685514aPlantasxNutrición.98887414aSuelosxFertilidad.9110367 aFinding aiduhttp://10.13.5.2/tesis/sist111238.pdfzTeclea aquí aBK cTESIS n0 c107700d107700 00102local4053708TESISaBCbBCcPA_TESISd2015-01-21fTESISl0oTesisp33724002444561r2019-12-31 00:00:00tc.2w2019-12-31yTESIS 00104054718TESISaBCbBCd2015-01-21fTESISl0oTesisp33724002444603r2019-12-31 00:00:00w2019-12-31yTESISzRecien adquirido